20 Nordic Cities Everyone Should Know - Statistics

General Stats
  • This quiz has been taken 777 times
  • The average score is 11 of 20
Answer Stats
Description City % Correct
Where the Nobel Peace Prize is awarded annually Oslo
92%
Most populous Nordic city Stockholm
92%
Home to the Tivoli Gardens and The Little Mermaid statue Copenhagen
86%
You can drive from the above to this city, through the Øresund Bridge Malmö
81%
Host of the 1952 Summer Olympics Helsinki
72%
Served as the capital of Norway in the 13th century Bergen
71%
Most populous Danish city on the Jutland peninsula Aarhus
67%
Home to the largest port in Nordic countries and leading Scandinavian film festival Gothenburg
61%
1994 Winter Olympics host town Lillehammer
49%
Where Bobby Fischer defeated Boris Spassky to become World Chess Champion Reykjavik
49%
Former center of the Finnish industry, therefore nicknamed "Manchester of the North" Tampere
46%
The oldest university in Northern Europe was founded here Uppsala
42%
The European Commission has concluded that the citizens of this Danish city are the mostsatisfied people in Europe with their city Aalborg
38%
Nicknamed the "Oil Capital of Norway" Stavanger
38%
Biggest city in Gotland, was a center of the Hanseatic League Visby
37%
Swedish city that was the site of a 1397 treaty joining Denmark, Sweden,and Norway under one king Kalmar
35%
World's third largest city north of the Arctic Circle Tromsø
34%
Birthplace of Hans Christian Andersen Odense
33%
World's northernmost town whose population is above 10,000 Hammerfest
31%
Largest town outside Iceland's heavily populated southwest corner Akureyri
21%
No matching quizzes found
Score Distribution
Percent of People with Each Score
Percentile by Number Answered
Your Score History
You have not taken this quiz